[Event "POL-chT 2nd League"]
[Site "Jastrzebia Gora"]
[Date "2022.09.11"]
[Round "9.12"]
[White "Czerwinska, Milena"]
[Black "Smietanska, Wiktoria"]
[Result "0-1"]
[WhiteElo "1972"]
[BlackElo "1851"]
[PlyCount "64"]
[EventDate "2022.09.03"]
[EventType "team-swiss"]
[EventRounds "9"]
[EventCountry "POL"]
[SourceTitle "CBM 210 Extra"]
[Source "ChessBase"]
[SourceDate "2022.11.30"]
[SourceVersion "1"]
[SourceVersionDate "2022.11.30"]
[SourceQuality "1"]
[WhiteTeam "Ostrow Wielkopolski"]
[BlackTeam "Wroclaw Polonia"]
[WhiteTeamCountry "POL"]
[BlackTeamCountry "POL"]

1. e4 c5 2. Nf3 d6 3. d4 cxd4 4. Nxd4 Nf6 5. Nc3 a6 6. Be3 e5 7. Nb3 Be6 8. f3 Nbd7 9. Qd2 b5 10. g4 Be7 11. 0-0-0 b4 12. Nd5 Bxd5 13. exd5 Nb6 14. Bxb6 Qxb6 15. Kb1 a5 16. Qe2 0-0 17. f4 Nd7 18. Nd4 Rfe8 19. fxe5 Nxe5 20. Nf5 Bf6 21. h4 g6 22. g5 Bh8 23. Nh6+ Kf8 24. Ng4 Nxg4 25. Qxg4 a4 26. Rh3 a3 27. b3 Re3 28. Qf4 Rxh3 29. Bxh3 Qc5 30. Qc4 Qe3 31. Bd7 Qe5 32. c3 Qh2 0-1

[Event "POL-chT 1st League"]
[Site "Szklarska Poreba"]
[Date "2021.09.08"]
[Round "5.11"]
[White "Kostecka, Marika"]
[Black "Czerwinska, Milena"]
[Result "0-1"]
[WhiteElo "1834"]
[BlackElo "1983"]
[PlyCount "90"]
[EventDate "2021.09.04"]
[EventType "team-swiss"]
[EventRounds "9"]
[EventCountry "POL"]
[SourceTitle "CBM 204 Extra"]
[Source "ChessBase"]
[SourceDate "2021.11.30"]
[SourceVersion "1"]
[SourceVersionDate "2021.11.30"]
[SourceQuality "1"]
[WhiteTeam "Lipno Steszew"]
[BlackTeam "Ostrow Wielkopolski"]
[WhiteTeamCountry "POL"]
[BlackTeamCountry "POL"]

1. e4 d6 2. d4 Nf6 3. Nc3 e5 4. Nf3 Nbd7 5. Bc4 Be7 6. 0-0 0-0 7. h3 c6 8. a4 a5 9. Be3 Qc7 10. d5 Nb6 11. Bb3 cxd5 12. Bxb6 Qxb6 13. Nxd5 Nxd5 14. Bxd5 Be6 15. Qd2 Rac8 16. c3 Bxd5 17. exd5 h6 18. Rfe1 Bf6 19. Re2 Rc5 20. Ra3 Rfc8 21. Qd3 g6 22. Qe3 Bg7 23. h4 Qc7 24. Rd2 f5 25. Qe1 Qf7 26. Qd1 Qe7 27. Qe1 e4 28. Nd4 Bxd4 29. Rxd4 Qxh4 30. Rb3 R8c7 31. Rb6 Qf6 32. Qe3 Kg7 33. Qf4 Rd7 34. b4 Rxc3 35. Rd1 axb4 36. Rxb4 Rd3 37. Rdb1 Qe7 38. Rb5 Ra3 39. a5 e3 40. fxe3 Rxe3 41. Qb4 Re4 42. Qb2+ Kg8 43. Rxb7 Rxb7 44. Qxb7 Re1+ 45. Rxe1 Qxb7 0-1

[Event "POL-chT 1st League"]
[Site "Szklarska Poreba"]
[Date "2021.09.07"]
[Round "4.9"]
[White "Czerwinska, Milena"]
[Black "Rudzinska, Michalina"]
[Result "1/2-1/2"]
[WhiteElo "1983"]
[BlackElo "2222"]
[PlyCount "102"]
[EventDate "2021.09.04"]
[EventType "team-swiss"]
[EventRounds "9"]
[EventCountry "POL"]
[SourceTitle "CBM 204 Extra"]
[Source "ChessBase"]
[SourceDate "2021.11.30"]
[SourceVersion "1"]
[SourceVersionDate "2021.11.30"]
[SourceQuality "1"]
[WhiteTeam "Ostrow Wielkopolski"]
[BlackTeam "Strzelce Opolskie Strzelec"]
[WhiteTeamCountry "POL"]
[BlackTeamCountry "POL"]

1. e4 c5 2. Nf3 d6 3. d3 Nc6 4. g3 Nf6 5. Bg2 e5 6. 0-0 Be7 7. Nbd2 0-0 8. c3 d5 9. Re1 d4 10. Nc4 Qc7 11. a4 Be6 12. Ncd2 dxc3 13. bxc3 Rfd8 14. Qc2 a6 15. Rb1 Rab8 16. Bb2 Qd7 17. Bf1 b5 18. axb5 axb5 19. Be2 Ng4 20. h3 Nf6 21. h4 Ng4 22. Nf1 b4 23. Ng5 bxc3 24. Bxc3 Nb4 25. Bxb4 cxb4 26. Nxe6 Qxe6 27. Bxg4 Qxg4 28. Ne3 Qh3 29. Nf5 Bf8 30. Rb3 Rbc8 31. Qb2 g6 32. Ne3 Bc5 33. Qe2 Ra8 34. Rc1 Rdc8 35. Rcb1 Ra3 36. Qg4 Qxg4 37. Nxg4 Bd6 38. Nf6+ Kg7 39. Nd5 Rc1+ 40. Kg2 Rxb1 41. Rxb1 Rxd3 42. Nxb4 Rd4 43. Nc6 Rc4 44. Nd8 Be7 45. Rb8 Rxe4 46. Nc6 Bf6 47. Re8 Re1 48. f3 Re2+ 49. Kf1 Rd2 50. Nxe5 Bd8 51. Nc4 Rd4 1/2-1/2

[Event "POL-chT 1st League"]
[Site "Ustron"]
[Date "2020.09.10"]
[Round "6.3"]
[White "Czerwinska, Milena"]
[Black "Wikar, Martyna"]
[Result "0-1"]
[WhiteElo "2010"]
[BlackElo "2045"]
[PlyCount "78"]
[EventDate "2020.09.05"]
[EventType "team-tourn"]
[EventRounds "9"]
[EventCountry "POL"]
[SourceTitle "CBM 198 Extra"]
[Source "ChessBase"]
[SourceDate "2020.11.30"]
[SourceVersion "1"]
[SourceVersionDate "2020.11.30"]
[SourceQuality "1"]
[WhiteTeam "Ostrow Wielkopolski"]
[BlackTeam "Czarna LKSz"]
[WhiteTeamCountry "POL"]
[BlackTeamCountry "POL"]

1. e4 c5 2. Nf3 d6 3. d4 cxd4 4. Nxd4 Nf6 5. Nc3 a6 6. Bg5 e6 7. f4 Be7 8. Qf3 Qc7 9. 0-0-0 Nc6 10. h3 h6 11. Bh4 Bd7 12. Bf2 Rc8 13. Rd2 b5 14. g4 b4 15. Nd1 Qa5 16. Kb1 Nxd4 17. Rxd4 d5 18. exd5 Nxd5 19. Rc4 0-0 20. Rg1 Bc6 21. Qg3 Nb6 22. Bxb6 Qxb6 23. g5 hxg5 24. fxg5 Bd6 25. Qg4 Bf3 26. Qxf3 Qxg1 27. Rh4 Qxg5 28. Rh5 Qf4 29. Qg2 Rc5 30. Rxc5 Bxc5 31. Bxa6 g6 32. Bd3 Kg7 33. c3 Rd8 34. Bc2 bxc3 35. Nxc3 Rd2 36. Qh1 Rh2 37. Qd1 Rxh3 38. a4 Qb4 39. Ka2 Bd4 0-1